| 000 | 00495nam a2200157 4500 | ||
|---|---|---|---|
| 001 | 123974 | ||
| 003 | ES-MaACL | ||
| 005 | 20230906192303.0 | ||
| 007 | t| | ||
| 008 | 070214s1971 sp r ||||1| spa d | ||
| 100 | 1 |
_aRamos Sobrino, Angel. _995360 |
|
| 245 | 1 | 0 |
_aEducación General Básica _b: matemáticas básicas, preescolar, guía del profesor / _cAngel Ramos Sobrino. |
| 260 |
_aSalamanca : _bAnaya, _c1971. |
||
| 300 |
_a80 p. : _bil. ; _c25 cm. |
||
| 852 |
_aES-MaACL _jC-43042 _bR.79470 |
||
| 999 |
_c123974 _d123974 |
||